LIBRARY & INFORMATION CENTRE, KCAET, TAVANUR

ONLINE PUBLIC ACCESS CATALOGUE (OPAC)

Introduction to topology / (Record no. 18780)

MARC details
000 -LEADER
fixed length control field 00397nam a22001577a 4500
003 - CONTROL NUMBER IDENTIFIER
control field OSt
008 - FIXED-LENGTH DATA ELEMENTS--GENERAL INFORMATION
fixed length control field 241227b |||||||| |||| 00| 0 eng d
041 ## - LANGUAGE CODE
Language code of text/sound track or separate title eng
082 ## - DEWEY DECIMAL CLASSIFICATION NUMBER
Classification number 514
Item number DES/IN
100 ## - MAIN ENTRY--AUTHOR NAME
Personal name Deshpande, J. V
245 ## - TITLE STATEMENT
Title Introduction to topology /
260 ## - PUBLICATION, DISTRIBUTION, ETC. (IMPRINT)
Place of publication New Delhi :
Name of publisher Tata McGraw-Hill Publishing Co. Ltd.
Year of publication 1988
300 ## - PHYSICAL DESCRIPTION
Number of Pages 236p.
650 ## - SUBJECT ADDED ENTRY--TOPICAL TERM
Topical Term Topology
942 ## - ADDED ENTRY ELEMENTS (KOHA)
Koha item type Books
Holdings
Withdrawn status Lost status Damaged status Home library Current library Date acquired Full call number Accession Number Koha item type
      KAUAET KAUAET 27/12/2024 514 DES/IN 16955 Books
free website counter